Terytoria Zależne - Statystyki

Ogólne statystyki
  • Ten quiz został rozwiązany 1 123 razy
  • Średni wynik to 12 z 71
Statystyki odpowiedzi
Terytoria % Poprawnych
Grenlandia
89%
Wyspy Owcze
64%
Gujana Francuska
51%
Polinezja Francuska
34%
Portoryko
34%
Svalbard
33%
Falklandy
32%
Aruba
28%
Martynika
28%
Curaçao
27%
Nowa Kaledonia
27%
Reunion
27%
Brytyjskie Wyspy Dziewicze
26%
Gibraltar
26%
Bermudy
25%
Guam
25%
Wyspy Cooka
25%
Samoa Amerykańskie
24%
Wyspa Man
23%
Gwadelupa
22%
Jersey
22%
Wyspa Bożego Narodzenia
22%
Wyspy Kokosowe
21%
Niue
20%
Kajmany
19%
Guernsey
18%
Mariany Północne
18%
Norfolk
18%
Anguilla
17%
Pitcairn
17%
Wyspa Świętej Heleny
17%
Wyspy Dziewicze Stanów Zjednoczonych
17%
Jan Mayen
16%
Saint-Martin
16%
Montserrat
14%
Sint Maarten
14%
Tokelau
14%
Turks i Caicos
14%
Bonaire
13%
Majotta
13%
Brytyjskie Terytorium Oceanu Indyjskiego
11%
Midway
11%
Saba
11%
Saint-Pierre i Miquelon
10%
Wallis i Futuna
10%
Georgia Południowa i Sandwich Południowy
9%
Saint-Barthélemy
9%
Wake
9%
Wyspa Bouveta
9%
Francuskie Terytoria Południowe i Antarktyczne
8%
Wyspa Wniebowstąpienia
8%
Baker
7%
Sint Eustatius
7%
Wyspy Heard i McDonalda
7%
Wyspy Morza Koralowego
7%
Jarvis
6%
Johnston
6%
Palmyra
6%
Tristan da Cunha
6%
Akrotiri
5%
Brytyjskie Terytorium Antarktyczne
5%
Dhekelia
5%
Howland
5%
Kingman
5%
Wyspa Clippertona
5%
Australijskie Terytorium Antarktyczne
4%
Dependencja Rossa
4%
Navassa
4%
Wyspa Piotra I
4%
Wyspy Ashmore i Cartiera
4%
Ziemia Królowej Maud
4%
Nie znaleziono quizów pasujących do podanych kryteriów
Rozkład punktacji
Procent ludzi z każdym wynikiem
Percentyl według liczby udzielonych odpowiedzi
Twoja historia wyników
Nie rozwiązałeś tego quizu